Product innovation and directions of international trade /

Bibliographic Details
Main Author: Wells, Louis T.
Format: Book
Language:English
Published: New York : Arno Press, 1980.
Series:Multinational corporations.
Subjects:

MARC

Tag First Indicator Second Indicator Subfields
LEADER 00000pam a2200000 a 4500
001 in00000078213
005 20151008060658.0
008 800616s1980 nyua b 00010 engm
010 |a  80000602  
020 |a 0405133928 
035 |a (OCoLC)06486490 
035 |9 AAJ6321AM 
040 |a DLC  |c DLC  |d m.c.  |d TXA  |d UtOrBLW 
049 |a TXAM  |c [1673094] 
050 0 0 |a HF5415.15  |b .W44 1980 
082 0 |a 658.5/038 
100 1 |a Wells, Louis T. 
245 1 0 |a Product innovation and directions of international trade /  |c Louis T. Wells, Jr. 
264 1 |a New York :  |b Arno Press,  |c 1980. 
300 |a 221 pages :  |b illustrations ;  |c 23 cm. 
336 |a text  |b txt  |2 rdacontent 
337 |a unmediated  |b n  |2 rdamedia 
338 |a volume  |b nc  |2 rdacarrier 
490 1 |a Multinational corporations 
500 |a Originally presented as the author's thesis (Ph. D.)--Harvard University, 1966. 
504 |a Includes bibliographical references. 
650 0 |a Product management  |x Mathematical models. 
650 0 |a Commercial policy  |x Mathematical models. 
830 0 |a Multinational corporations. 
999 |a MARS 
999 f f |s cc08aac1-354d-34c9-a819-333f5011ff75  |i bf29bf12-1baa-3bc1-844b-ee6fee885a23  |t 0 
952 f f |p ric  |a Texas A&M University  |b Rellis Campus  |c Joint Library Facility  |d Remote Storage  |t 0  |e HF5415.15 .W44 1980  |h Library of Congress classification  |i unmediated -- volume  |m A14806134472 
998 f f |a HF5415.15 .W44 1980  |t 0  |l Remote Storage